[Event "Salon de Provence op 3rd"]
[Site "Salon de Provence"]
[Date "2008.04.18"]
[Round "7"]
[White "Sartre, Guilhem"]
[Black "Roche, Alain"]
[Result "1/2-1/2"]
[WhiteElo "1330"]
[BlackElo "1570"]
[PlyCount "35"]
[EventDate "2008.04.14"]
[EventType "swiss"]
[EventRounds "7"]
[EventCountry "FRA"]
[SourceTitle "CBM 123 Extra"]
[Source "ChessBase"]
[SourceDate "2008.05.06"]
[SourceVersion "1"]
[SourceVersionDate "2008.05.06"]
[SourceQuality "1"]

1. d4 Nf6 2. c4 g6 3. Nc3 d5 4. Bf4 a6 5. e3 Bg7 6. Nf3 0-0 7. Be2 c6 8. h3 Re8 9. 0-0 Nbd7 10. Rc1 Nf8 11. Bd3 h6 12. Ne5 Be6 13. Qe2 Rc8 14. a3 dxc4 15. Bxc4 Bd5 16. Bd3 Ne6 17. Bh2 Ng5 18. Qc2 1/2-1/2